00399nam a2200157Ia 450000500170000000800410001702000150005805000240007310000220009724500460011926000350016530000200020044000060022052100070022652600080023320140311163218.0140130s9999 xx 000 0 und d a0439436532 aPR 4222b.B885 2002 aBrowning, Robert  cBrowning, RobertaThe pied piper (w/cd) / bScholastic,c2002.aNew York : a78 p. :c22 cm. v1 aG2 c380